| 000 | 00577nam a22001937a 4500 | ||
|---|---|---|---|
| 999 |
_c6422 _d6422 |
||
| 003 | GBCCL | ||
| 005 | 20241126110602.0 | ||
| 008 | 180514b ||||| |||| 00| 0 eng d | ||
| 040 | _cgbc | ||
| 082 |
_a232.95 _bJAC |
||
| 100 |
_aJackson, Jerald H. _911504 |
||
| 245 |
_aJesus Christ: _bBaptism and temptation / _cJerald H. Jackson |
||
| 260 |
_aNashville: _bGraded Press, _c1985 |
||
| 300 |
_a64 p.; _bill., port., _c21 cm. |
||
| 440 |
_aWho do you say that I am? _911512 |
||
| 650 |
_aJesus Christ _xBaptism _911505 |
||
| 650 |
_aJesus Christ _xTemptation _911506 |
||
| 942 |
_2ddc _cBK |
||